| 000 | 00524nam a2200181Ia 4500 | ||
|---|---|---|---|
| 003 | OSt | ||
| 005 | 20200724122728.0 | ||
| 008 | 190216s9999||||xx |||||||||||||| ||und|| | ||
| 020 | _a9798173194152 | ||
| 040 | _coclc | ||
| 082 |
_a515.7 _bPON/F |
||
| 100 |
_aPonnusamy, S _93733 |
||
| 245 | 0 |
_aFoundations Of Functional Analysis / _cS Ponnusamy |
|
| 260 |
_bNarosa Pubs House, _c2002. _aNew Delhi: |
||
| 300 | _a434p | ||
| 650 | _aFunctional Analysis | ||
| 942 |
_cBK _2ddc _h515.7 _iPON/F _k515.7 _mPON/F |
||
| 999 |
_c31805 _d31805 |
||